00582nam a2200205Ia 450000500170000000800410001702000130005804000190007104100120009008200160010210000270011824500650014526000390021030000120024950400190026163000190028065000420029965100250034185000100036620231206143057.0131103s9999 xx 000 0 und d cRs. 8.00 aLoreto College aEnglish a327.06bBAN aBanerjee, Anil Chandra aRevision of charter of United NationscAnil Chandra Banerjee aCalcuttabA. Mukherjee & Co.c1961 a272 p.  aIncludes index aUnited Nations aPolitics - International Relations -  aPolitical Science -  aLCLIB